In the House / (Record no. 14006)
[ view plain ]
| 000 -LEADER | |
|---|---|
| fixed length control field | 00814nam a22002057a 4500 |
| 008 - FIXED-LENGTH DATA ELEMENTS--GENERAL INFORMATION | |
| fixed length control field | 100519t xxu||||| |||| 00| 0 eng d |
| 020 ## - INTERNATIONAL STANDARD BOOK NUMBER | |
| International Standard Book Number | 9780521732253 (Paperback) |
| 020 ## - INTERNATIONAL STANDARD BOOK NUMBER | |
| International Standard Book Number | 9780521732246 (paperback plus 2 audio CDs) |
| 082 ## - DEWEY DECIMAL CLASSIFICATION NUMBER | |
| Edition number | 22 |
| Classification number | 428.64 |
| Item number | JOH |
| 100 1# - MAIN ENTRY--PERSONAL NAME | |
| 9 (RLIN) | 10256 |
| Personal name | Johnson, Margaret |
| Dates associated with a name | 1959- |
| 245 ## - TITLE STATEMENT | |
| Title | In the House / |
| Statement of responsibility, etc | Margaret Johnson. |
| 260 ## - PUBLICATION, DISTRIBUTION, ETC. (IMPRINT) | |
| Place of publication, distribution, etc | Cambridge : |
| Name of publisher, distributor, etc | Cambridge University press, |
| Date of publication, distribution, etc | c2009. |
| 300 ## - PHYSICAL DESCRIPTION | |
| Extent | 80 p. : |
| Other physical details | ill.; |
| Dimensions | 20 cm. + |
| Accompanying material | 3 CD-ROM (4 3/4 in.) |
| 306 ## - PLAYING TIME | |
| Playing time | 1 CD- ROM of 3 (ca. 64' 57"), 2 CD- ROM of 3 (ca. 58' 26"), 3 CD- ROM of 3 (ca. 41' 45") |
| 490 ## - Series Statement | |
| Series statement | Cambridge English readers; |
| Volume/sequential designation | Level 4 |
| -- | 14159 |
| 650 0# - SUBJECT ADDED ENTRY--TOPICAL TERM | |
| 9 (RLIN) | 2723 |
| Topical term or geographic name as entry element | English Language. |
| 650 0# - SUBJECT ADDED ENTRY--TOPICAL TERM | |
| 9 (RLIN) | 9993 |
| Topical term or geographic name as entry element | English Language--study and teaching--foreign speakers |
| 720 ## - ADDED ENTRY--UNCONTROLLED NAME | |
| Name | Aldred, Sophie |
| Relator term | Read by |
| 942 ## - ADDED ENTRY ELEMENTS (KOHA) | |
| Source of classification or shelving scheme | Dewey Decimal Classification |
| Item type | Book - Borrowing |
| Withdrawn status | Item status | Source of classification or shelving scheme | Materials specified (bound volume or other part) | Damaged status | Not for loan | Vendor | Home library | Current library | Shelving location | Date acquired | Source of acquisition | Total Checkouts | Total Renewals | Full call number | Barcode | Date last seen | Date last borrowed | Koha item type | Public note |
|---|---|---|---|---|---|---|---|---|---|---|---|---|---|---|---|---|---|---|---|
| Lost | Dewey Decimal Classification | Lost In Inventory_2015-8-23 | Donation-Gift | Central Library | Central Library | Second Floor | 20/05/2010 | Donation | 6 | 3 | 428.64 JOH | 000020844 | 23/03/2014 | 19/03/2014 | Book - Borrowing | Donated by Dr. Azza Taha | |||
| Dewey Decimal Classification | Donation-Gift | Central Library | Central Library | Second Floor | 20/05/2010 | Donation | 1 | 428.64 JOH | 000020843 | 24/08/2022 | 24/07/2013 | CD | DVD - With book | CD 1 (chapters 1-4) | ||||||
| Dewey Decimal Classification | Donation-Gift | Central Library | Central Library | Second Floor | 20/05/2010 | Donation | 428.64 JOH | 000020845 | 24/08/2022 | CD | DVD - With book | CD 3 (chapters 9-10) | ||||||||
| Dewey Decimal Classification | Donation-Gift | Central Library | Central Library | Second Floor | 20/05/2010 | Donation | 428.64 JOH | 000020846 | 24/08/2022 | CD | DVD - With book (NB) | CD 2 (chapters 5-8) |